000 00733nam a2200265Ia 4500
005 20260302114346.0
008 008 260114s9999 xx 000 0 eng d
020 _a9781666991802
037 _aTextbook
040 _aCRL
040 _beng
040 _cCRL
041 _2eng
041 _aeng
084 _qCRL
100 _aMarguerite La Caze & Magdalena Zolkos
_91118539
245 0 _aContemporary Perspectives on Vladimir Jankélévitch On What Cannot Be Touched
260 _bBloomsbury
260 _bLexington Books
260 _c2019
650 _aPhilosophy
856 _uhttps://doi.org/10.5040/9781666991802?locatt=label:secondary_bloomsburyCollections
942 _cEBOOK
999 _c1682263
_d1682263